Scary stories 3 / (Record no. 182)

MARC details
000 -LEADER
fixed length control field 00914nam a22002657a 4500
001 - CONTROL NUMBER
control field 182
003 - CONTROL NUMBER IDENTIFIER
control field FISKH
005 - DATE AND TIME OF LATEST TRANSACTION
control field 20230309151345.0
008 - FIXED-LENGTH DATA ELEMENTS--GENERAL INFORMATION
fixed length control field 230302b cb ||||| |||| 00| 0 eng d
020 ## - INTERNATIONAL STANDARD BOOK NUMBER
International Standard Book Number 0590135899
040 ## - CATALOGING SOURCE
Original cataloging agency DLC
Transcribing agency DLC
Language of cataloging eng
Modifying agency FISKH
050 00 - LIBRARY OF CONGRESS CALL NUMBER
Classification number PZ8.S399
082 ## - DEWEY DECIMAL CLASSIFICATION NUMBER
Classification number 398.25
100 1# - MAIN ENTRY--PERSONAL NAME
Personal name Schwartz, Alvin,
Dates associated with a name 1927-
245 10 - TITLE STATEMENT
Title Scary stories 3 /
Remainder of title more tales to chill your bones /
Statement of responsibility, etc. collected from folklore and retold by Alvin Schwartz ; Drawings by Stephen Gammell
260 ## - PUBLICATION, DISTRIBUTION, ETC.
Place of publication, distribution, etc. New York
Name of publisher, distributor, etc. Scholastic
Date of publication, distribution, etc. 1991
300 ## - PHYSICAL DESCRIPTION
Extent 115 p. :
Other physical details ill.
Dimensions 20 cm.
505 ## - FORMATTED CONTENTS NOTE
Formatted contents note M
520 ## - SUMMARY, ETC.
Summary, etc. Features twenty-five chilling tales of prophetic dreams, feral children raised by wild animals, swamp creatures, and other terrifying phenomena.
521 8# - TARGET AUDIENCE NOTE
Target audience note 680 <br/>
Source Lexile
521 8# - TARGET AUDIENCE NOTE
Target audience note M
Source Raz-Plus
700 1# - ADDED ENTRY--PERSONAL NAME
Personal name Helquist, Brett,
Relator term ill.
906 ## - LOCAL DATA ELEMENT F, LDF (RLIN)
a 7
b cbc
c orignew
d 4
e epcn
f 20
g y-gencatlg
942 ## - ADDED ENTRY ELEMENTS (KOHA)
Source of classification or shelving scheme Dewey Decimal Classification
Koha item type Books
Suppress in OPAC No
Holdings
Withdrawn status Lost status Source of classification or shelving scheme Damaged status Not for loan Collection Home library Current library Shelving location Date acquired Total Checkouts Full call number Barcode Date last seen Date last checked out Price effective from Koha item type
    Dewey Decimal Classification     Juvenile Fiction Footprints International School Library Network Toul Kork Campus Footprints International School Library Network Toul Kork Campus TK Primary Library Room(4th Floor), Bookcase 5&6, Shelves 33-56, Orange Books 03/02/2023 1 SCH 398.23 PZ8.S399 FISTK05480 12/06/2024 10/11/2024 03/02/2023 Books